Arctic Monkeys Lyrics - I Ain't Quite Where I Think I Am - Statistics

General Stats
  • This quiz has been taken 45 times
  • The average score is 130 of 182
Answer Stats
Lyrics % Correct
a
97%
I
97%
in
94%
quite
94%
the
94%
The
94%
think
94%
where
94%
ain't
90%
am
90%
Is
84%
of
84%
to
84%
To
84%
And
81%
can
81%
By
77%
Freaky
77%
island
77%
it
77%
now
77%
see
77%
there's
74%
affection
71%
back)
71%
both
71%
can't
71%
fly
71%
islands
71%
it's
71%
It's
71%
keypad
71%
over
71%
Wait,
71%
You
71%
you
71%
But
68%
but
68%
displays
68%
land
68%
my
68%
other
68%
retina
68%
scan
68%
believe
65%
disco
65%
(Eyes
65%
roll
65%
Formation
61%
me
61%
strobes
61%
stumbling
61%
suspect
61%
always
58%
been
58%
coming
58%
few
58%
get
58%
given
58%
good
58%
half
58%
If
58%
intermission
58%
into
58%
I've
58%
know
58%
Let's
58%
reason
58%
your
58%
face,
55%
From
55%
hands
55%
past
55%
Riviera
55%
shake
55%
suggest
55%
way
55%
blocks
52%
spine
52%
up
52%
worth
52%
awkward
48%
like
48%
party
48%
point
48%
silences
48%
vantage
48%
would
48%
blast
45%
fill
45%
guests
45%
invite
45%
Looks
45%
set
45%
Stackable
45%
expressions
42%
seem
42%
spare
42%
Blank
39%
predictions
35%
race
32%
Early
29%
tingles'll
29%
No matching quizzes found
Score Distribution
Percent of People with Each Score
Percentile by Number Answered
Your Score History
You have not taken this quiz